000 004630000a22001810004500
003 MACL
005 20160119171413.0
008 160119b xxu||||| |||| 00| 0 eng d
040 _aMACL
_cMACL
041 _aEnglish
082 _a005.382/GAY
100 _aGay, Warren W
_933374
245 _aAdvanced UNIX Programming
260 _bBPB Publications
_c2001
_aNew Delhi
350 _a225
650 _aComputer Programming
_920374
942 _cBK
_k005.382/GAY
_2ddc
999 _c33524
_d33524